Sasthrayugathil (Record no. 4306)
[ view plain ]
| 000 -LEADER | |
|---|---|
| fixed length control field | 00880cam a2200169ua 4500 |
| 041 ## - LANGUAGE CODE | |
| Language code of text/sound track or separate title | mal |
| 082 ## - DEWEY DECIMAL CLASSIFICATION NUMBER | |
| Classification number | 501 |
| Item number | CJS/SA |
| 245 ## - TITLE STATEMENT | |
| Title | Sasthrayugathil |
| 260 ## - PUBLICATION, DISTRIBUTION, ETC. (IMPRINT) | |
| Place of publication | Koothattukulam : |
| Name of publisher | C.J Smaraka Prasanga Samithi , |
| Year of publication | 1968. |
| 300 ## - PHYSICAL DESCRIPTION | |
| Number of Pages | 130 ; . |
| 942 ## - ADDED ENTRY ELEMENTS (KOHA) | |
| Koha item type | Books |
| Withdrawn status | Lost status | Damaged status | Home library | Current library | Date acquired | Full call number | Accession Number | Koha item type |
|---|---|---|---|---|---|---|---|---|
| KAUAET | KAUAET | 07/04/2012 | 501 | 12754 | Books |
